Kraje z ruchem lewostronnym - Statystyki

Ogólne statystyki
  • Ten quiz został rozwiązany 580 razy
  • Średni wynik to 12 z 33
Statystyki odpowiedzi
Odpowiedź % Poprawnych
Wielka Brytania
99%
Australia
86%
Irlandia
78%
Nowa Zelandia
74%
Japonia
73%
Indie
65%
Republika Południowej Afryki
64%
Indonezja
56%
Tajlandia
49%
Pakistan
40%
Singapur
40%
Bangladesz
38%
Kenia
35%
Lesotho
34%
Sri Lanka
32%
Papua Nowa Gwinea
29%
Zambia
29%
Malta
28%
Zimbabwe
28%
Tanzania
27%
Botswana
26%
Uganda
26%
Cypr
25%
Jamajka
25%
Malediwy
20%
Dominika
18%
Samoa
17%
Gujana
13%
Hong Kong
13%
Mauritius
10%
Surinam
10%
Makau
9%
Brunea
1%
Nie znaleziono quizów pasujących do podanych kryteriów
Rozkład punktacji
Procent ludzi z każdym wynikiem
Percentyl według liczby udzielonych odpowiedzi
Twoja historia wyników
Nie rozwiązałeś tego quizu